Le droit commercial dans ses rapports avec le droit des gens et le droit civil

Gespeichert in:
Bibliographische Detailangaben
1. Verfasser: Massé, Gabriel (autor)
Format: Buch
Sprache:Französisch
Veröffentlicht: París Guillaumin 1874
Ausgabe:3a. ed
Schlagworte:
Tags: Tag hinzufügen
Keine Tags, Fügen Sie den ersten Tag hinzu!

MARC

LEADER 00000nam a2200000 a 4500
001 UCR4289
003 CL-VaPUC
008 980307e18740000FR |||||||||||||||||fre|d
082 0 4 |a 346.07  |b MAS  |2 21 
100 |a Massé, Gabriel  |e autor  |9 404153 
245 1 3 |a Le droit commercial dans ses rapports avec le droit des gens et le droit civil 
250 |a 3a. ed 
300 |a 4 v 
942 |c BK 
945 |d 19980307 00:00:00  |a crobeson 
260 |a París  |b Guillaumin  |c 1874 
650 0 |a Derecho comercial   |9 256340 
650 7 |a DERECHO INTERNACIONAL PUBLICO  |2 CL-VaPUC  |9 404154 
650 0 |a Derecho civil  |9 255013 
650 0 |a Derecho privado  |9 258243 
650 0 |a Derecho comparado  |9 255664 
650 0 |a Derecho de familia  |9 255603 
650 0 |a Derecho sucesorio  |9 255015 
650 0 |a Obligaciones   |9 255578 
650 0 |a Contratos  |9 255153 
650 0 |a Hipoteca  |9 255780 
583 |a last modification  |c 19980307 00:00:00  |k Rodrigo Vera 
999 |c 267235  |d 267233 
952 |0 0  |1 0  |4 0  |6 346_070000000000000_MAS_1874  |7 0  |8 X  |9 299473  |a BIBDER  |b BIBDER  |d 2019-11-20  |h v.1  |i 1949063  |o 346.07 MAS 1874  |p 1949063  |r 2023-01-25  |w 2019-11-20  |y BK_X  |k DER 
952 |0 0  |1 0  |4 0  |6 346_070000000000000_MAS_1874  |7 0  |8 X  |9 299474  |a BIBDER  |b BIBDER  |d 2019-11-20  |h v.2  |i 1949071  |o 346.07 MAS 1874  |p 1949071  |r 2023-01-25  |w 2019-11-20  |y BK_X  |k DER 
952 |0 0  |1 0  |4 0  |6 346_070000000000000_MAS_1874  |7 0  |8 X  |9 299475  |a BIBDER  |b BIBDER  |d 2019-11-20  |h v.3  |i 194908K  |o 346.07 MAS 1874  |p 194908K  |r 2023-01-25  |w 2019-11-20  |y BK_X  |k DER 
952 |0 0  |1 0  |4 0  |6 346_070000000000000_MAS_1874  |7 0  |8 X  |9 299476  |a BIBDER  |b BIBDER  |d 2019-11-20  |h v.4  |i 1949098  |o 346.07 MAS 1874  |p 1949098  |r 2023-01-25  |w 2019-11-20  |y BK_X  |k DER